Đầu tư và đầu cơ chứng khoán
সংরক্ষণ করুন:
| প্রধান লেখক: | |
|---|---|
| বিন্যাস: | গ্রন্থ |
| ভাষা: | Undetermined |
| প্রকাশিত: |
Hà Nội
Lao động xã hội
2007
|
| বিষয়গুলি: | |
| ট্যাগগুলো: |
ট্যাগ যুক্ত করুন
কোনো ট্যাগ নেই, প্রথমজন হিসাবে ট্যাগ করুন!
|
| Thư viện lưu trữ: | Trung tâm Học liệu Trường Đại học Cần Thơ |
|---|
| LEADER | 00666nam a2200205Ia 4500 | ||
|---|---|---|---|
| 001 | CTU_129244 | ||
| 008 | 210402s9999 xx 000 0 und d | ||
| 020 | |c 58000 | ||
| 082 | |a 332.642 | ||
| 082 | |b Đ125 | ||
| 100 | |a Lê Văn Tề | ||
| 245 | 0 | |a Đầu tư và đầu cơ chứng khoán | |
| 245 | 0 | |c Lê Văn Tề, Nguyễn Văn Hà biên soạn | |
| 260 | |a Hà Nội | ||
| 260 | |b Lao động xã hội | ||
| 260 | |c 2007 | ||
| 650 | |a Bank marketing,Banks and banking,Investment banking,Stock exchanges | ||
| 650 | |x Securities processing | ||
| 904 | |i Tuyến | ||
| 980 | |a Trung tâm Học liệu Trường Đại học Cần Thơ | ||